000 00592nam a2200169Ia 4500
003 GCL
008 140319s9999 xx 000 0 ara d
040 _aGCL /
_cGCL
082 0 4 _a155.4
_bغ ط
100 1 _aالغالى احرشاو
245 1 0 _aالطفل واللغة تاخير نظرى ومنهجى للمتمثلات الولالية عند الطفل الكتاب الاول /
_cالغالى احرشاو
260 _a[S.N] :
_bالمركز الثقافى العربى ،
_c1993
300 _a152 ص
490 _a
650 0 4 _aعلم النفس اللغوى
942 _2ddc
_cBK
999 _c53290
_d53290